000 002320000a22000970004500
100 1 _aMiller, Randy
245 1 0 _aTending the sick in Thailand's villages
300 _aNúm 47 (1995), Páginas 7-10
773 0 _tTogether
942 _cANA
999 _c57207
_d57207